| 000 | 00587nam a22001697a 4500 | ||
|---|---|---|---|
| 005 | 20251108172002.0 | ||
| 008 | 250721s1985 xx 000 0 ara d | ||
| 082 | 1 | 4 | _a811.09/جور |
| 100 | 1 | _aغريب، جورج | |
| 245 | 1 | 0 |
_aالشعر الملحمي : _bتاريخه و أعلامه - إبن كلثوم - إبن حلزه - إبن شداد / |
| 264 | 1 |
_aبيروت : _bدار الثقافة، _c1985. |
|
| 300 | _a111ص | ||
| 490 | 0 | _aسلسلة الموسوعة في الأدب العربي ؛ 6 | |
| 650 | 1 | 7 | _aالشعر الملحمي |
| 942 |
_2ddc _cBK |
||
| 999 |
_c67586 _d67586 |
||